000 00419nam a2200145Ia 4500
008 100122s9999 xx 000 0 und d
082 _b9363
_a823
100 _aभावे पु बा
245 _aअकुलिना
260 _bकॉटीनेंटल बुक सर्व्हीस
_c1950
300 _a141
630 _aअकुलिना
730 _aअकुलिना
942 _cBOOK
999 _c401394
_d401391